000 00765nac a22002171u 4500
010 _a 2006275332
020 _a0131469134
082 0 0 _a005.1
_bPFL
090 _c9155
_d9155
100 _aPfleeger, Shari Lawren
245 1 0 _aSoftware engineering : theory and practice /
_cShari Lawrence Pfleeger.
250 _a3rd ed.
260 _aUpper Saddle River, N.J. :
_bPearson/Prentice Hall,c2006
_cc2006
300 _a716 p. :
_bill. ;
_c25 cm.
500 _a"An Alan R. Apt book."
500 _aDistributer: Al-Ahram.
511 _aCatalogued By: Mahitab.
650 0 _aSoftware engineering.
942 _cBB
_k005.1PFL
999 _c9155
_d9155